[Event "Titled Tue 24th Jun Early"]
[Site "chess.com INT"]
[Date "2025.06.24"]
[Round "5"]
[White "Anupam, M Sreekumar"]
[Black "Dyulgerov, Volen"]
[Result "0-1"]
[WhiteTitle "WCM"]
[BlackTitle "CM"]
[WhiteElo "1943"]
[BlackElo "2200"]
[WhiteFideId "45033501"]
[BlackFideId "2918978"]
[EventDate "2025.06.24"]

1. e4 e5 2. Nf3 d5 3. exd5 e4 4. Qe2 Nf6 5. d3 Qxd5 6. dxe4 Qxe4 7. Nc3 Bb4 8.
Bd2 Qxe2+ 9. Bxe2 O-O 10. O-O-O Re8 11. Bb5 c6 12. Bc4 Ng4 13. Rde1 Rd8 14. Bg5
Rf8 15. Be7 Bxe7 16. Rxe7 Nxf2 17. Rhe1 b5 18. Bb3 Nd7 19. Rxf7 Rxf7 20. Re8+
Nf8 21. Ng5 Be6 22. Rxa8 Bxb3 23. Nxf7 Bxf7 24. Rxa7 b4 25. Ne2 Bd5 26. g3 g5
27. Nd4 Ng4 28. h4 gxh4 29. gxh4 h5 30. Nf5 Ne6 31. Ne7+ Kf8 32. Nxd5 cxd5 33.
Rd7 Nf4 34. Rd6 Ke7 35. Ra6 Ng2 36. Rb6 Nxh4 37. Rxb4 Nf5 38. Rb3 h4 39. a4 Nfe3
40. a5 h3 41. Rd3 h2 42. a6 h1=Q+ 43. Kd2 Qh6 44. a7 Nc4+ 0-1

[Event "Titled Tue 24th Jun Early"]
[Site "chess.com INT"]
[Date "2025.06.24"]
[Round "5"]
[White "Salim Mohammed, Salim Al Amri"]
[Black "Tiitta, Sauli"]
[Result "1-0"]
[WhiteTitle "FM"]
[WhiteElo "1976"]
[BlackElo "2157"]
[WhiteFideId "22000089"]
[BlackFideId "502251"]
[EventDate "2025.06.24"]

1. e4 g5 2. d4 h6 3. h4 g4 4. h5 d5 5. exd5 Qxd5 6. Nc3 Qa5 7. Bd2 c6 8. Bc4 Bf5
9. Nge2 Nf6 10. Ng3 Bh7 11. Qe2 Bxc2 12. Nd5 Qxd5 13. Bxd5 Nxd5 14. O-O Bh7 15.
Rfe1 Nd7 16. Ne4 O-O-O 17. b4 f5 18. Nc5 Nxc5 19. dxc5 Bg7 20. Rad1 e5 21. b5
Rd7 22. bxc6 bxc6 23. Qa6+ Kd8 24. Qxc6 f4 25. Ba5+ Ke7 26. Rxd5 Bf5 27. Rdxe5+
Bxe5 28. Rxe5+ Kf7 29. Rxf5+ Kg7 30. Bc3+ Kh7 31. Qxd7+ Kg8 32. Qg7# 1-0

[Event "Titled Tue 24th Jun Early"]
[Site "chess.com INT"]
[Date "2025.06.24"]
[Round "5"]
[White "Marynychenko, Yehor"]
[Black "Ghimoyan, Narek"]
[Result "1-0"]
[WhiteTitle "CM"]
[BlackTitle "CM"]
[WhiteElo "2183"]
[BlackElo "2273"]
[WhiteFideId "34160558"]
[BlackFideId "13315412"]
[EventDate "2025.06.24"]

1. e4 e6 2. d4 d5 3. Nd2 Be7 4. e5 c5 5. c3 Nc6 6. Ndf3 Bd7 7. Bd3 Qb6 8. Ne2
cxd4 9. cxd4 Rc8 10. O-O Nh6 11. Bxh6 gxh6 12. Qd2 Bf8 13. a3 Na5 14. Qf4 Bg7
15. Ng3 Ke7 16. Nh5 Rcg8 17. Rac1 Nc6 18. Nxg7 Rxg7 19. Qf6+ Kf8 20. Qxh6 Qd8
21. b4 a6 22. b5 axb5 23. Bxb5 Nxe5 24. Nxe5 Bxb5 25. Rfe1 Qg5 26. Rc8+ Be8 27.
Qh3 Rhg8 28. g3 f5 29. Nf3 Qf6 30. Ne5 h5 31. Qf1 h4 32. Qb5 Re7 33. Rxe8+ Rxe8
34. Nd7+ Kf7 35. Nxf6 Kxf6 36. Qxb7 hxg3 37. fxg3 Re7 38. Qb2 Rgg7 39. Qe2 Rg4
40. Qe5+ Kf7 41. Kg2 Re8 42. a4 Re7 43. a5 Rf4 1-0

[Event "Titled Tue 24th Jun Early"]
[Site "chess.com INT"]
[Date "2025.06.24"]
[Round "5"]
[White "Bustelo, Tabare"]
[Black "Pavlidou, Ekaterini"]
[Result "0-1"]
[WhiteTitle "CM"]
[BlackTitle "WIM"]
[WhiteElo "2043"]
[BlackElo "2198"]
[WhiteFideId "3000362"]
[BlackFideId "4213262"]
[EventDate "2025.06.24"]

1. d4 Nf6 2. Bg5 Ne4 3. h4 c5 4. dxc5 h6 5. Be3 e6 6. b4 a5 7. c3 axb4 8. cxb4
Nc6 9. Qc2 f5 10. a3 Nxb4 11. axb4 Rxa1 12. f3 Ng3 13. Rh3 Nxf1 14. Kxf1 Be7 15.
Bd4 Ra8 16. Bxg7 Rg8 17. Bxh6 Bf6 18. g3 d6 19. Be3 dxc5 20. Bxc5 Qd5 21. Nc3
Qc4 22. Qd3 Qxd3 23. exd3 Bxc3 24. Ne2 Ra1+ 25. Kg2 Ra2 26. Kf2 b6 27. Bd6 Bd4+
28. Ke1 Be3 29. Kd1 Rd2+ 30. Ke1 Rxd3 31. Nf4 Rxd6 32. Nh5 Kf7 33. Ke2 Bh6 34.
f4 Ba6+ 35. Ke3 Rgd8 36. g4 fxg4 37. Rh1 Rd3+ 38. Ke4 Bb7+ 39. Ke5 Re3# 0-1

[Event "Titled Tue 24th Jun Early"]
[Site "chess.com INT"]
[Date "2025.06.24"]
[Round "5"]
[White "Zdorov, Egor Vit"]
[Black "Stojanovski, Sandi"]
[Result "0-1"]
[WhiteTitle "CM"]
[BlackTitle "FM"]
[WhiteElo "2101"]
[BlackElo "2169"]
[WhiteFideId "55688560"]
[BlackFideId "1403249"]
[EventDate "2025.06.24"]

1. d4 d6 2. e4 Nf6 3. Nc3 g6 4. Be3 Bg7 5. Qd2 O-O 6. O-O-O Nc6 7. f3 e5 8. d5
Nd4 9. Bh6 c5 10. h4 Nh5 11. g4 Ng3 12. Rh3 Nxf1 13. Rxf1 Bd7 14. h5 Bxh6 15.
Qxh6 Qe7 16. Nge2 Nxe2+ 17. Nxe2 g5 18. Ng3 f6 19. Nf5 Bxf5 20. gxf5 Qg7 21.
Qxg7+ Kxg7 22. h6+ Kf7 23. Rh2 b5 24. c4 bxc4 25. Rc2 Rfb8 26. Rxc4 a5 27. Re1
Rb4 28. Rc2 Rab8 29. Re3 a4 30. Rec3 Ke7 31. Rc4 Kd7 32. a3 Rxc4 33. Rxc4 Ra8
34. Kc2 Kc7 35. Kc3 Kb6 36. Kc2 Kb5 37. Kd3 Rg8 38. Rc2 g4 39. Rg2 g3 40. Ke2
Kc4 41. Kf1 Kd3 42. Rg1 Ke3 43. Kg2 Kf4 0-1

[Event "Titled Tue 24th Jun Early"]
[Site "chess.com INT"]
[Date "2025.06.24"]
[Round "5"]
[White "Harsh, Suresh"]
[Black "Krzywda, Andrzej"]
[Result "1/2-1/2"]
[WhiteTitle "IM"]
[BlackTitle "CM"]
[WhiteElo "2392"]
[BlackElo "2175"]
[WhiteFideId "45018464"]
[BlackFideId "1114565"]
[EventDate "2025.06.24"]

1. e4 c5 2. Nc3 Nc6 3. Bb5 Nd4 4. Bc4 e6 5. Nge2 a6 6. Nxd4 cxd4 7. Ne2 Nf6 8.
d3 d5 9. exd5 Nxd5 10. Nxd4 Nb6 11. Be3 Bc5 12. Nf3 Bxe3 13. fxe3 Nxc4 14. dxc4
Qb6 15. Qd4 Qb4+ 16. Qc3 Qxc3+ 17. bxc3 Bd7 18. Rb1 Bc6 19. Nd4 Bxg2 20. Rg1 Be4
21. Rg4 f5 22. Rxg7 O-O-O 23. c5 Rdg8 24. Rxg8+ Rxg8 25. Rb6 Rg1+ 26. Kd2 Rg2+
27. Ke1 Rg1+ 28. Kd2 Rg2+ 29. Ke1 Rg1+ 1/2-1/2

[Event "Titled Tue 24th Jun Early"]
[Site "chess.com INT"]
[Date "2025.06.24"]
[Round "5"]
[White "Ladan, Nicholas"]
[Black "Roebers, Jan"]
[Result "1-0"]
[BlackTitle "FM"]
[WhiteElo "2218"]
[BlackElo "2056"]
[WhiteFideId "30918855"]
[BlackFideId "1007815"]
[EventDate "2025.06.24"]

1. d4 Nf6 2. Nc3 g6 3. Bf4 Bg7 4. e3 O-O 5. h4 d6 6. Be2 Nc6 7. Nf3 Bg4 8. Qd2
Re8 9. O-O-O e5 10. dxe5 dxe5 11. Qxd8 Raxd8 12. Rxd8 Rxd8 13. Nxe5 Nxe5 14.
Bxe5 Bxe2 15. Nxe2 Ng4 16. Bxg7 Kxg7 17. Rf1 h5 18. Nf4 c6 19. Nd3 Kf6 20. Kd2
Ne5 21. Ke2 Nxd3 22. cxd3 Rd5 23. Rc1 a5 24. Rc4 Rb5 25. b3 Ke5 26. Re4+ Kd6 27.
Rd4+ Ke6 28. f3 Rb6 29. g4 Rb5 30. Kf2 Rc5 31. Rc4 Rd5 32. d4 f5 33. gxh5 gxh5
34. Kg3 Kd6 35. Kf4 b5 36. Rc5 Rxc5 37. dxc5+ Kxc5 38. Kxf5 Kd6 39. e4 c5 40.
e5+ Ke7 41. Ke4 a4 42. bxa4 1-0

[Event "Titled Tue 24th Jun Early"]
[Site "chess.com INT"]
[Date "2025.06.24"]
[Round "5"]
[White "Shogdzhiev, Roman"]
[Black "Indjic, Aleksandar"]
[Result "1/2-1/2"]
[WhiteTitle "FM"]
[BlackTitle "GM"]
[WhiteElo "2402"]
[BlackElo "2661"]
[WhiteFideId "55653537"]
[BlackFideId "911925"]
[EventDate "2025.06.24"]

1. e4 c5 2. Nf3 e6 3. d4 cxd4 4. Nxd4 a6 5. g3 b5 6. Bg2 Bb7 7. O-O Nc6 8. a4 b4
9. c3 Rc8 10. Nxc6 Bxc6 11. cxb4 Bxb4 12. Bd2 Bxd2 13. Nxd2 Nf6 14. Qe2 a5 15.
Nc4 O-O 16. Rfc1 Rb8 17. e5 Nd5 18. Qd2 Rb4 19. Ne3 Ne7 20. Rc4 Bxg2 21. Kxg2
Qa8+ 22. Kg1 Nc6 23. Rxb4 axb4 24. Nc4 b3 25. Qxd7 Rd8 26. Qc7 Nd4 27. Nb6 Ne2+
28. Kf1 Qh1+ 29. Kxe2 Qe4+ 30. Kf1 Qh1+ 31. Ke2 Qe4+ 32. Kf1 Qh1+ 33. Ke2 1/2-1/2

[Event "Titled Tue 24th Jun Early"]
[Site "chess.com INT"]
[Date "2025.06.24"]
[Round "5"]
[White "Murzin, Volodar"]
[Black "Bjerre, Jonas Buhl"]
[Result "1-0"]
[WhiteTitle "GM"]
[BlackTitle "GM"]
[WhiteElo "2666"]
[BlackElo "2651"]
[WhiteFideId "44155573"]
[BlackFideId "1444948"]
[EventDate "2025.06.24"]

1. d4 Nf6 2. Nf3 e6 3. Bg5 h6 4. Bxf6 Qxf6 5. e4 d6 6. Nbd2 e5 7. c3 g6 8. Bb5+
Bd7 9. Qb3 c6 10. Ba6 Nxa6 11. Qxb7 Rb8 12. Qxa6 Rxb2 13. Qxa7 exd4 14. cxd4 Bg7
15. Nc4 Rc2 16. Qb8+ Ke7 17. Qb3 Rxc4 18. Qxc4 g5 19. O-O g4 20. e5 Qe6 21.
exd6+ Qxd6 22. Ne5 Be6 23. Nxc6+ Kd7 24. Ne5+ Bxe5 25. Qb5+ Ke7 26. Qxe5 1-0

[Event "Titled Tue 24th Jun Early"]
[Site "chess.com INT"]
[Date "2025.06.24"]
[Round "5"]
[White "Shimanov, Aleksandr"]
[Black "Sydykov, Bayastan"]
[Result "1-0"]
[WhiteTitle "GM"]
[BlackTitle "FM"]
[WhiteElo "2578"]
[BlackElo "2301"]
[WhiteFideId "4198603"]
[BlackFideId "13829610"]
[EventDate "2025.06.24"]

1. d4 Nf6 2. c4 e6 3. Bg5 Be7 4. Nc3 d5 5. e3 h6 6. Bxf6 Bxf6 7. cxd5 exd5 8.
Qb3 c6 9. Nf3 O-O 10. Bd3 Re8 11. O-O Qe7 12. h3 Be6 13. Rae1 g6 14. Nd2 Qc7 15.
f4 Bc8 16. Nf3 Nd7 17. Ne5 Bg7 18. Qc2 Nf6 19. g4 h5 20. g5 Nd7 21. Nxd5 Qd8 22.
Nxf7 Kxf7 23. Bxg6+ Kg8 24. Bxe8 cxd5 25. Bxh5 Nf8 26. Bg4 Bxg4 27. hxg4 Rc8 28.
Qf5 Rc7 29. Rc1 Rf7 30. Rc8 Qb6 31. Qxd5 Qg6 32. Rc7 Ne6 33. Rxf7 Qxf7 34. Rc1
Kh7 35. Qf5+ Qxf5 36. gxf5 Nxd4 37. exd4 Bxd4+ 38. Kg2 Bxb2 39. Rc7+ Kg8 40.
Rxb7 1-0

[Event "Titled Tue 24th Jun Early"]
[Site "chess.com INT"]
[Date "2025.06.24"]
[Round "5"]
[White "Sobek, Jaroslav"]
[Black "Ocampos, Ian"]
[Result "0-1"]
[WhiteTitle "FM"]
[WhiteElo "2195"]
[BlackElo "2216"]
[WhiteFideId "301388"]
[BlackFideId "117544"]
[EventDate "2025.06.24"]

1. d4 Nf6 2. c4 c5 3. d5 e6 4. Nc3 exd5 5. cxd5 Bd6 6. Nf3 O-O 7. e3 Bc7 8. Be2
d6 9. h3 Na6 10. O-O Rb8 11. Nd2 Ba5 12. a4 Bxc3 13. bxc3 Nxd5 14. Bxa6 bxa6 15.
Nc4 Be6 16. Qc2 Nb6 17. Nxb6 axb6 18. e4 d5 19. Rd1 b5 20. exd5 Bxd5 21. axb5
axb5 22. Be3 c4 23. Qe2 Qd7 24. Qh5 Rfd8 25. Rd4 g6 0-1

[Event "Titled Tue 24th Jun Early"]
[Site "chess.com INT"]
[Date "2025.06.24"]
[Round "5"]
[White "Reshetnikov, Alexey"]
[Black "Sjugirov, Sanan"]
[Result "0-1"]
[WhiteTitle "IM"]
[BlackTitle "GM"]
[WhiteElo "2492"]
[BlackElo "2635"]
[WhiteFideId "4162080"]
[BlackFideId "4189302"]
[EventDate "2025.06.24"]

1. d4 Nf6 2. c4 e6 3. Nc3 Bb4 4. e3 O-O 5. Nf3 d5 6. Bd2 Nbd7 7. Rc1 Re8 8. cxd5
exd5 9. Nb5 Bxd2+ 10. Nxd2 c6 11. Nc3 Nf8 12. Bd3 Ng6 13. O-O Nh4 14. Qc2 g6 15.
Rce1 Bf5 16. f3 Bxd3 17. Qxd3 Nf5 18. Nb3 Ng7 19. e4 Ne6 20. e5 Nh5 21. g3 a5
22. f4 a4 23. Nd2 a3 24. b3 Qb6 25. Nf3 Rad8 26. Rd1 Nhg7 27. Ne2 c5 28. Kh1 Qb4
29. g4 cxd4 30. Nfxd4 Nxd4 31. Qxd4 Qxd4 32. Nxd4 Ne6 33. Nb5 d4 34. Nd6 Re7 35.
Rfe1 Nxf4 36. Rxd4 Ne6 37. Rb4 Nc5 38. Nc4 Nd3 0-1

[Event "Titled Tue 24th Jun Early"]
[Site "chess.com INT"]
[Date "2025.06.24"]
[Round "5"]
[White "Arslanov, Shamil"]
[Black "Redor, Menandro"]
[Result "1-0"]
[WhiteTitle "IM"]
[WhiteElo "2410"]
[BlackElo "2021"]
[WhiteFideId "4192826"]
[BlackFideId "5222010"]
[EventDate "2025.06.24"]

1. d4 c6 2. e4 d5 3. Nc3 dxe4 4. Bc4 Nf6 5. f3 Bf5 6. g4 Bg6 7. g5 Nd5 8. fxe4
Nxc3 9. bxc3 e5 10. Nf3 Nd7 11. O-O Be7 12. Nh4 O-O 13. Nxg6 hxg6 14. h4 Nb6 15.
Bb3 c5 16. dxc5 Bxc5+ 17. Kg2 Qe7 18. h5 Rad8 19. Qf3 Rd6 20. hxg6 Rxg6 21. Qh5
Qd6 22. Rh1 1-0

[Event "Titled Tue 24th Jun Early"]
[Site "chess.com INT"]
[Date "2025.06.24"]
[Round "5"]
[White "Otdelnov, Kirill"]
[Black "Klukin, Kirill"]
[Result "0-1"]
[WhiteTitle "FM"]
[BlackTitle "IM"]
[WhiteElo "2273"]
[BlackElo "2401"]
[WhiteFideId "24280216"]
[BlackFideId "24199273"]
[EventDate "2025.06.24"]

1. Nf3 c5 2. c4 g6 3. e3 Nf6 4. d4 cxd4 5. exd4 d5 6. cxd5 Bg7 7. Qa4+ Nbd7 8.
Nc3 O-O 9. Qb3 Nb6 10. Be2 Nfxd5 11. O-O Be6 12. Qd1 Rc8 13. Ne4 Bf5 14. Ng3 Bg4
15. h3 Be6 16. Ng5 Bd7 17. N5e4 Bc6 18. a3 Nf6 19. Nc3 Nbd5 20. Nge4 Nxc3 21.
Nxc3 Qd6 22. Be3 Rfd8 23. Qb3 Nd5 24. Bf3 Nxc3 25. bxc3 Bxf3 26. gxf3 b6 27. a4
Qc6 28. Kg2 Qxc3 29. Qb5 Qc6 30. Rfd1 Rd5 31. Qxc6 Rxc6 32. Rac1 Rxc1 33. Rxc1
Bxd4 34. Rc8+ Kg7 35. Rc7 Bxe3 36. fxe3 Ra5 37. Rc4 h5 38. h4 Kf6 39. Kg3 Rc5
40. Rf4+ Ke6 41. Re4+ Kd6 42. Rf4 f5 43. Rd4+ Kc7 44. Rb4 e5 45. Kf2 Rc2+ 46.
Kg3 Kc6 47. Rb5 Rc5 48. Rb4 a5 49. Rb2 Rc4 50. Rd2 Rxa4 51. Rd8 f4+ 52. exf4
Rxf4 53. Kh3 Rxf3+ 0-1

[Event "Titled Tue 24th Jun Early"]
[Site "chess.com INT"]
[Date "2025.06.24"]
[Round "5"]
[White "Parfenov, Viktor N."]
[Black "Boramanikar, Tanisha S"]
[Result "1-0"]
[WhiteTitle "CM"]
[BlackTitle "WCM"]
[WhiteElo "2193"]
[BlackElo "1743"]
[WhiteFideId "4165969"]
[BlackFideId "35023454"]
[EventDate "2025.06.24"]

1. d4 Nf6 2. c4 g6 3. Nc3 d5 4. cxd5 Nxd5 5. e4 Nxc3 6. bxc3 Bg7 7. Nf3 c5 8. h3
O-O 9. Be2 Nc6 10. Be3 cxd4 11. cxd4 Qa5+ 12. Bd2 Qb6 13. d5 Bxa1 14. Qxa1 Nb4
15. O-O f6 16. a3 Na6 17. e5 fxe5 18. Nxe5 Qf6 19. Bc3 Qf4 20. Bxa6 bxa6 21. Nc6
Qd6 22. Bb4 Qf4 23. Nxe7+ Kf7 24. f3 Bxh3 25. Re1 Qg3 26. Qb2 Rab8 27. Qe2 Rbe8
28. Kh1 Bxg2+ 29. Qxg2 Qh4+ 30. Kg1 Qxe1+ 31. Bxe1 Rxe7 32. Bb4 1-0

[Event "Titled Tue 24th Jun Early"]
[Site "chess.com INT"]
[Date "2025.06.24"]
[Round "5"]
[White "Alvarez Leon, Luis"]
[Black "Winkels, Marcel"]
[Result "1-0"]
[WhiteTitle "FM"]
[BlackTitle "CM"]
[WhiteElo "2178"]
[BlackElo "1905"]
[WhiteFideId "3600351"]
[BlackFideId "1003887"]
[EventDate "2025.06.24"]

1. Nf3 Nf6 2. d4 c5 3. e3 g6 4. c4 Bg7 5. Nc3 O-O 6. d5 d6 7. e4 e6 8. Be2 exd5
9. exd5 a6 10. O-O Bg4 11. Re1 Nbd7 12. h3 Bxf3 13. Bxf3 Ne5 14. Be2 Rb8 15. f4
Ned7 16. a4 Re8 17. Bf3 Qc7 18. Bd2 Rxe1+ 19. Qxe1 Re8 20. Qh4 Qd8 21. Rf1 Nh5
22. Qxd8 Rxd8 23. Bxh5 gxh5 24. Re1 Kf8 25. b3 Nf6 26. Kf2 Re8 27. Rxe8+ Kxe8
28. Kf3 Kd7 29. Ne2 b5 30. Ng3 bxa4 31. bxa4 Ne8 32. Nf5 Bf6 33. g4 hxg4+ 34.
hxg4 Ng7 35. Nh6 Ke7 36. g5 Bb2 37. f5 f6 38. g6 hxg6 39. fxg6 Be5 40. Kg4 Kf8
41. Nf5 Nxf5 42. Kxf5 Kg7 43. Ba5 Bh2 44. Bd8 Be5 45. Be7 Kg8 46. Bxf6 Bh2 47.
Ke6 Kf8 48. Be7+ Kg7 49. Bxd6 Bg1 50. Kf5 Bd4 51. Be5+ Bxe5 52. Kxe5 Kxg6 53.
Ke6 Kg5 54. d6 Kf4 55. d7 Ke4 56. d8=Q Ke3 57. Qd5 1-0

[Event "Titled Tue 24th Jun Early"]
[Site "chess.com INT"]
[Date "2025.06.24"]
[Round "5"]
[White "Brady, Tyson"]
[Black "Crispin Ferreras, Darvi Abraham"]
[Result "0-1"]
[WhiteTitle "CM"]
[BlackTitle "CM"]
[WhiteElo "2170"]
[BlackElo "2150"]
[WhiteFideId "30970369"]
[BlackFideId "6402771"]
[EventDate "2025.06.24"]

1. Nf3 d5 2. g3 Nf6 3. Bg2 e6 4. O-O Be7 5. c4 O-O 6. b3 b6 7. Bb2 Bb7 8. d3
Nbd7 9. Nbd2 c5 10. cxd5 Bxd5 11. a3 Rc8 12. Rc1 Re8 13. Rc2 h6 14. Qa1 Nb8 15.
Rfc1 Ba8 16. b4 Na6 17. b5 Nc7 18. a4 Ncd5 19. Nc4 Nb4 20. Rd2 Bd5 21. Rdd1 Nh5
22. a5 Bf6 23. axb6 axb6 24. Bxf6 Nxf6 25. e4 Bxc4 26. dxc4 Qc7 27. e5 Ng4 28.
h3 Ra8 29. Qc3 Na2 30. Qb2 Nxc1 31. Rxc1 Ra4 32. hxg4 Rea8 33. Qe2 Ra2 34. Qe4
Ra1 35. Rxa1 Rxa1+ 36. Kh2 Qd8 37. Qc6 Rc1 38. Qd6 Qxd6 39. exd6 Rd1 40. Ne5
Rxd6 41. Bc6 Rd4 42. Nd7 Rxc4 43. Nxb6 Rb4 44. Nd7 c4 45. Nc5 c3 46. Nd3 c2 47.
Kg2 Rb1 48. Kf3 Rb3 0-1

[Event "Titled Tue 24th Jun Early"]
[Site "chess.com INT"]
[Date "2025.06.24"]
[Round "5"]
[White "Tikhonov, Viacheslav"]
[Black "Vlassov, Nikolai"]
[Result "0-1"]
[WhiteTitle "CM"]
[BlackTitle "IM"]
[WhiteElo "2183"]
[BlackElo "2291"]
[WhiteFideId "44196407"]
[BlackFideId "4103360"]
[EventDate "2025.06.24"]

1. e4 Nc6 2. Nc3 Nf6 3. Bc4 Nxe4 4. Nxe4 d5 5. Bd3 dxe4 6. Bxe4 e5 7. Nf3 Bg4 8.
h3 Bxf3 9. Qxf3 Nd4 10. Qd3 c6 11. O-O Bc5 12. Re1 Qh4 13. g3 Qxh3 14. c3 Ne6
15. Bf5 Bxf2+ 16. Kxf2 Qh2+ 17. Kf1 O-O 18. Qf3 g6 19. Be4 Ng5 20. Qg2 Qh5 21.
d3 f5 22. Bf3 Nxf3 23. Re3 e4 24. dxe4 fxe4 0-1

[Event "Titled Tue 24th Jun Early"]
[Site "chess.com INT"]
[Date "2025.06.24"]
[Round "5"]
[White "La Fleur, Zara"]
[Black "Oppezzo, Sebastian"]
[Result "0-1"]
[WhiteTitle "WCM"]
[WhiteElo "1745"]
[BlackElo "2177"]
[WhiteFideId "7703848"]
[BlackFideId "112321"]
[EventDate "2025.06.24"]

1. e4 g6 2. d4 Bg7 3. Nc3 d6 4. f4 Nf6 5. Nf3 c5 6. d5 O-O 7. Bd3 b5 8. b3 Nxe4
9. Nxe4 Bxa1 10. c3 f5 11. Neg5 Bxc3+ 12. Bd2 Bg7 13. O-O h6 14. Nh3 a6 15. Qe1
Nd7 16. Qe6+ Kh7 17. Nh4 Ne5 18. fxe5 Bxe6 19. dxe6 dxe5 20. Nxg6 Kxg6 21. Rf3
e4 22. Rg3+ Kh7 23. Nf4 exd3 24. Rxd3 Bd4+ 25. Kh1 Rg8 26. Rh3 Be5 27. Nd3 Qd5
28. Rxh6+ Kg7 29. Rh3 Kf8 30. Bh6+ Ke8 31. Ne1 Qd1 32. Re3 Bc3 33. Bf4 Bxe1 34.
h3 Bf2+ 35. Kh2 Qg1# 0-1

[Event "Titled Tue 24th Jun Early"]
[Site "chess.com INT"]
[Date "2025.06.24"]
[Round "5"]
[White "Al-Tarboush, Ward"]
[Black "Matinian, Nikita"]
[Result "0-1"]
[WhiteTitle "FM"]
[BlackTitle "GM"]
[WhiteElo "2223"]
[BlackElo "2421"]
[WhiteFideId "7601450"]
[BlackFideId "24129100"]
[EventDate "2025.06.24"]

1. e4 c5 2. Nf3 e6 3. d4 cxd4 4. Nxd4 Nc6 5. Nc3 Qc7 6. Be3 a6 7. Qd2 Nf6 8.
O-O-O Be7 9. f3 b5 10. g4 Bb7 11. g5 Nh5 12. Nxc6 Qxc6 13. Bd3 O-O 14. Ne2 b4
15. Ng3 g6 16. Nxh5 gxh5 17. Bd4 a5 18. Bf6 Rfe8 19. Rhg1 b3 20. axb3 a4 21. b4
a3 22. bxa3 Rxa3 23. Qf4 Rea8 24. Kd2 Bxb4+ 25. Ke2 Ba6 26. Rc1 Ra2 27. g6 Rxc2+
28. Ke3 Bd2+ 0-1

[Event "Titled Tue 24th Jun Early"]
[Site "chess.com INT"]
[Date "2025.06.24"]
[Round "5"]
[White "Szczepanek, Radoslaw"]
[Black "Mafra, Kaiser Luiz"]
[Result "0-1"]
[WhiteTitle "CM"]
[BlackTitle "CM"]
[WhiteElo "2197"]
[BlackElo "2076"]
[WhiteFideId "1120395"]
[BlackFideId "2106698"]
[EventDate "2025.06.24"]

1. e4 c5 2. Nc3 Nc6 3. Bb5 d6 4. Bxc6+ bxc6 5. f4 g6 6. Nf3 Bg7 7. d3 e6 8. O-O
Ne7 9. Qe1 Qb6 10. Kh1 Rb8 11. b3 d5 12. e5 c4 13. d4 cxb3 14. axb3 Ba6 15. Rg1
Bb5 16. Ba3 Nf5 17. Bc5 Qd8 18. Rxa7 Bf8 19. Bxf8 Kxf8 20. Nxb5 cxb5 21. Ng5 Ne7
22. Qb4 h6 23. Nf3 Ke8 24. Rga1 Nc6 25. Qc5 Nxa7 26. Rxa7 Rc8 27. Qxb5+ Kf8 28.
Ne1 Qh4 29. Nd3 Rxc2 30. g3 Qh3 31. Ne1 Rc1 32. Qb4+ Kg7 33. Kg1 Rhc8 34. Kf2
Qxh2+ 35. Ke3 R8c3+ 0-1

[Event "Titled Tue 24th Jun Early"]
[Site "chess.com INT"]
[Date "2025.06.24"]
[Round "5"]
[White "Aradhya, Garg"]
[Black "Vaganian, Rafael A"]
[Result "1-0"]
[WhiteTitle "IM"]
[BlackTitle "GM"]
[WhiteElo "2370"]
[BlackElo "2449"]
[WhiteFideId "25006746"]
[BlackFideId "13300016"]
[EventDate "2025.06.24"]

1. d4 e6 2. c4 d5 3. Nc3 Be7 4. Nf3 Nf6 5. Bf4 O-O 6. e3 Nbd7 7. cxd5 Nxd5 8.
Nxd5 exd5 9. Bd3 c5 10. O-O c4 11. Bc2 b5 12. e4 Bb7 13. e5 Re8 14. Qd2 Nf8 15.
h4 Bxh4 16. Nxh4 Qxh4 17. Bg5 Qg4 18. f4 h6 19. Bd1 Qd7 20. Bxh6 gxh6 21. f5 f6
22. exf6 Qh7 23. Rf3 Nd7 24. Rg3+ Kf8 25. Rg7 Qxf5 26. Qxh6 Qxf6 27. Qh8# 1-0

[Event "Titled Tue 24th Jun Early"]
[Site "chess.com INT"]
[Date "2025.06.24"]
[Round "5"]
[White "Rogov, Matfey"]
[Black "Klepek, Witold"]
[Result "1-0"]
[WhiteTitle "FM"]
[BlackTitle "CM"]
[WhiteElo "2348"]
[BlackElo "2253"]
[WhiteFideId "44191308"]
[BlackFideId "1175068"]
[EventDate "2025.06.24"]

1. Nf3 Nf6 2. d4 e6 3. Bf4 c5 4. e3 b6 5. Nbd2 Bb7 6. Bd3 Be7 7. O-O O-O 8. c3
Nh5 9. Qe2 d6 10. c4 cxd4 11. Nxd4 Nxf4 12. exf4 Nd7 13. Rfe1 Bf6 14. Nxe6 fxe6
15. Qxe6+ Kh8 16. Qh3 Bh4 17. g3 Nc5 18. Bc2 h6 19. b4 Nd7 20. Qe6 Nf6 21. gxh4
Re8 22. Qf7 Rf8 23. Qxb7 Ng4 24. Qe4 Nf6 25. Qf5 Rc8 26. Re6 d5 27. Rxf6 1-0

[Event "Titled Tue 24th Jun Early"]
[Site "chess.com INT"]
[Date "2025.06.24"]
[Round "5"]
[White "Rojas Alarcon, Julian Antonio"]
[Black "Chigaev, Maksim"]
[Result "0-1"]
[WhiteTitle "FM"]
[BlackTitle "GM"]
[WhiteElo "2365"]
[BlackElo "2635"]
[WhiteFideId "5107407"]
[BlackFideId "4108116"]
[EventDate "2025.06.24"]

1. d4 d5 2. c4 e6 3. Nf3 Be7 4. g3 Nf6 5. Bg2 O-O 6. O-O c6 7. Qc2 a5 8. Nbd2 b5
9. b3 a4 10. Rb1 axb3 11. axb3 Na6 12. Ne5 Nb4 13. Qc3 Nd7 14. Nxd7 Bxd7 15. Bb2
Na6 16. e4 bxc4 17. bxc4 Nc7 18. Ra1 Qb8 19. Rxa8 Qxa8 20. Ra1 Qb7 21. Ba3 Bxa3
22. Qxa3 Ra8 23. Qc1 Rxa1 24. Qxa1 h6 25. cxd5 cxd5 26. exd5 Nxd5 27. Nc4 Qc7
28. Ne5 Bc8 29. Bxd5 exd5 30. Qa8 Kh7 31. Qxd5 Bh3 32. Qe4+ g6 33. Qe1 Qb7 34.
f3 Qb2 35. Nd3 Qg2# 0-1

[Event "Titled Tue 24th Jun Early"]
[Site "chess.com INT"]
[Date "2025.06.24"]
[Round "5"]
[White "Pakleza, Zbigniew"]
[Black "Gaal, Zsoka"]
[Result "1-0"]
[WhiteTitle "GM"]
[BlackTitle "WGM"]
[WhiteElo "2484"]
[BlackElo "2391"]
[WhiteFideId "1119290"]
[BlackFideId "777765"]
[EventDate "2025.06.24"]

1. d4 Nf6 2. Nf3 g6 3. Bf4 Bg7 4. e3 d6 5. h3 O-O 6. Be2 Nfd7 7. O-O e5 8. Bh2
Nc6 9. c4 e4 10. Nfd2 f5 11. Nc3 Ne7 12. b4 g5 13. Qb3 Kh8 14. c5 dxc5 15. bxc5
Nxc5 16. Qc2 Ne6 17. Rab1 c6 18. Nc4 Nd5 19. Nd6 b6 20. Rfc1 Nxc3 21. Qxc3 c5
22. Qb3 Nf4 23. exf4 Qxd6 24. dxc5 bxc5 25. fxg5 f4 26. Qc2 Bd4 27. Qxe4 Bf5 28.
Bxf4 Bxe4 29. Bxd6 Rxf2 30. Be5+ Bxe5 31. Kxf2 Bd4+ 32. Kg3 Bxb1 33. Rxb1 Re8
34. Bc4 Re3+ 35. Kg4 Re7 36. Rb8+ Kg7 37. Rg8# 1-0